01411nam a2200337Ia 4500001001200000003000800012006001900020007001500039008004100054010001700095020003100112040002100143035002100164050002600185100002800211245007800239260006700317300001400384490003400398504005100432533015200483600005900635600003900694650005400733650005300787655002900840710001700869830004400886856012600930999001701056ebr10281391CaPaEBRm u cr cn|||||||||081124s2009 enk sb 001 0 eng d z 2008049977 z9780754665144 (alk. paper) aCaPaEBRcCaPaEBR a(OCoLC)32249556114aPR4453.C6bZ72 2009eb1 aHoughton-Walker, Sarah.10aJohn Clare's religionh[electronic resource] /cby Sarah Houghton-Walker. aAldershot, Hants, England ;aBurlington, VT :bAshgate,c2009. ax, 254 p.1 aThe nineteenth century series aIncludes bibliographical references and index. aElectronic reproduction.bPalo Alto, Calif. :cebrary,d2011.nAvailable via World Wide Web.nAccess may be limited to ebrary affiliated libraries.10aClare, John,d1793-1864xCriticism and interpretation.10aClare, John,d1793-1864xReligion. 0aReligious poetry, EnglishxHistory and criticism. 0aPastoral poetry, EnglishxHistory and criticism. 7aElectronic books.2local2 aebrary, Inc. 0aNineteenth century (Aldershot, England)40uhttp://site.ebrary.com/lib/rucke/Doc?id=10281391zAn electronic book accessible through the World Wide Web; click to view c18971d18971